000 00915nam a22003017a 4500
001 6269
003 FISKH
005 20250507122814.0
008 250408b cb ||||| |||| 00| 0 eng d
020 _a9780439650342
040 _aFISKH
_beng
_cFISKH
_dFISKH
050 _aPZ7.C179 B
082 _a813
100 _aCapucilli, Satin
_d(1957-)
245 _aBiscuit finds a friend /
_cStory by Alyssa Satin Capucilli ; Pictures by Pat Schories
250 _aThis edition first published in 2004
260 _aNew York :
_bScholastic,
_c1997.
300 _a24 pages :
_bcolor illustrations ;
_c22 cm
505 _aE
520 _aA puppy helps a little duck find its way home to the pond.
521 8 _a190
_bLexile
521 8 _aE
_bRaz-Plus
650 _2Early reader
_aBiscuit
650 _2Friendship
_aAnimals
700 _aSchories, Pat
_dillustrator
942 _2ddc
_cBK
_n0
999 _c6269
_d6269